Ballon d'or 2019 - Classement - Statistiques

Statistiques générales
  • Ce quiz a été pris 551 fois
  • Le résultat moyen est 27 sur 30
Statistiques - réponses
Rang Pays Club(s) Joueur % Correct
#3 Portugal Juventus Cristiano Ronaldo
100%
#6 France PSG Kylian Mbappé
100%
#1 Argentine FC Barcelone Lionel Messi
100%
#5 Egypte Liverpool Mohamed Salah
99%
#4 Sénégal Liverpool Sadio Mané
98%
#2 Pays-Bas Liverpool Virgil van Dijk
98%
#8 Pologne Bayern Munich Robert Lewandowski
97%
#23 France Tottenham Hugo Lloris
96%
#26 France Real Madrid Karim Benzema
96%
#10 Algérie Manchester City Riyad Mahrez
96%
#18 France Atlético / FC Barcelone Antoine Griezmann
95%
#9 Portugal Manchester City Bernardo Silva
95%
#22 Corée du Sud Tottenham Heung-min Son
95%
#14 Belgique Manchester City Kevin De Bruyne
95%
#7 Brésil Liverpool Alisson Becker
94%
#13 Belgique Chelsea / Real Madrid Eden Hazard
94%
#11 Pays-Bas Ajax / FC Barcelone Frenkie de Jong
93%
- Allemagne FC Barcelone Marc-André ter Stegen
93%
#20 Gabon Arsenal Pierre-Emerick Aubameyang
91%
- Brésil PSG Marquinhos
90%
#17 Brésil Liverpool Roberto Firmino
90%
#16 Argentine Manchester City Sergio Agüero
90%
#28 Portugal Benfica / Atlético Joao Félix
86%
#15 Pays-Bas Ajax / Juventus Matthijs de Ligt
86%
#24 Sénégal Napoli Kalidou Koulibaly
85%
#19 Angleterre Liverpool Trent Alexander-Arnold
85%
#12 Angleterre Manchester City Raheem Sterling
83%
- Serbie Ajax Dusan Tadic
76%
- Pays-Bas Liverpool Georginio Wijnaldum
74%
- Pays-Bas Ajax Donny van de Beek
53%
Aucun quiz correspondant
Distribution des résultats
% des personnes avec chaque résultat
Percentile par nombre de réponses
Votre historique - résultats
Vous n’avez pas pris ce quiz